Μορφές : εθνική αντίσταση μεσανατολής 1941-1946

Αποθηκεύτηκε σε:
Λεπτομέρειες βιβλιογραφικής εγγραφής
Κύριος συγγραφέας: Ζερβούδης, Αργύρης Δ., 1923-
Μορφή: Βιβλίο
Γλώσσα:Greek
Δημοσίευση: Χίος : [χ.ε.], 1997
Θέματα:
Ετικέτες: Προσθήκη ετικέτας
Δεν υπάρχουν, Καταχωρήστε ετικέτα πρώτοι!

MARC

LEADER 00000cam a2200000 i 4500
001 1/46267
008 971210s1997 gre d
035 |l 10026290 
040 |a GR-MY-UA  |b gre  |e aacr 
041 0 |a gre 
082 0 |a 938.764 
100 1 |a Ζερβούδης, Αργύρης Δ.,   |d 1923- 
245 1 0 |a Μορφές :  |b εθνική αντίσταση μεσανατολής 1941-1946 /  |c Αργύρης Δ. Ζερβούδης 
260 |a Χίος :   |b [χ.ε.],   |c 1997 
300 |a 223 σ. 
651 0 |a Greece  |x Armed Forces  |z Middle East  |x History  |y 20th century. 
852 |a INST  |b CHIOS  |e 19971210  |h 938.764 ΖΕΡ  |p 005200010234  |q 005200010234  |t BK  |y 0 
901 |a BIBL-1997-3 
909 |a Χ  |b 048415